Código de Comercio de la República Argentina (Registro nro. 1480)
[ vista simple ]
| 000 -LEADER | |
|---|---|
| fixed length control field | 00628 a2200193 4500 |
| 001 - CONTROL NUMBER | |
| control field | 26581 |
| 005 - DATE AND TIME OF LATEST TRANSACTION | |
| control field | 20260407155545.0 |
| 008 - FIXED-LENGTH DATA ELEMENTS--GENERAL INFORMATION | |
| fixed length control field | 260407a1960 arg spa d |
| 003 - CONTROL NUMBER IDENTIFIER | |
| control field | AR-UNSa-BCEJYS |
| 040 ## - CATALOGING SOURCE | |
| Original cataloging agency | AR-UNSa-BCEJYS |
| Language of cataloging | spa |
| Transcribing agency | AR-UNSa-BCEJYS |
| 080 ## - UNIVERSAL DECIMAL CLASSIFICATION NUMBER | |
| Universal Decimal Classification number | 347.7(094.4) |
| Common auxiliary subdivision | Código de Comercio |
| 100 1# - MAIN ENTRY--PERSONAL NAME | |
| Personal name | Argentina [Código de Comercio] |
| 245 10 - TITLE STATEMENT | |
| Title | Código de Comercio de la República Argentina |
| Name of part/section of a work | y sus Leyes y Decretos complementarios |
| 264 #1 - PRODUCTION, PUBLICATION, DISTRIBUTION, MANUFACTURE, AND COPYRIGHT NOTICE | |
| Place of production, publication, distribution, manufacture | Buenos Aires : |
| Name of producer, publisher, distributor, manufacturer | Víctor P. de Zavalía |
| Date of production, publication, distribution, manufacture, or copyright notice | 1960 |
| 300 ## - PHYSICAL DESCRIPTION | |
| Extent | 567 p. |
| Dimensions | 20 cm. |
| 590 ## - LOCAL NOTE (RLIN) | |
| Local note | niveau_biblio:m niveau_hierar:0 |
| 700 1# - ADDED ENTRY--PERSONAL NAME | |
| Personal name | Espel, Alberto Luis |
| 942 ## - ADDED ENTRY ELEMENTS (KOHA) | |
| Koha item type | |
| Withdrawn status | Lost status | Damaged status | Not for loan | Home library | Current library | Shelving location | Date acquired | Total checkouts | Full call number | Barcode | Date last seen | Price effective from | Koha item type |
|---|---|---|---|---|---|---|---|---|---|---|---|---|---|
| Biblioteca Prof. Eusebio Cleto del Rey | Biblioteca Prof. Eusebio Cleto del Rey | 07/04/2026 | 347.7(094.4) A691z/60 | L20437 | 07/04/2026 | 07/04/2026 | Libro |